British heritage travel

Detalles Bibliográficos
Título anterior:British heritage
Formato: Electrónico Revista
Lenguaje:inglés
Publicado: New York, NY : Kliger Heritage Group [2016]-
Materias:
Acceso en línea:Full text available from Research Library: 06/01/1998 to present

MARC

LEADER 00000nas a2200000 i 4500
001 ssj0002025009
003 WaSeSS
005 20200512172242.0
006 m d
007 cr n
008 161018c20169999nyubr p s 0 0eng c
010 |a  2016247557 
022 |y 2572-2158 
035 |a (WaSeSS)ssj0002025009 
040 |a COD  |b eng  |c COD  |d COD  |d OCLCF  |d OCLCQ  |d VT2  |d WaSeSS 
042 |a pcc 
043 |a e-uk--- 
050 4 |a DA20  |b .B892 
245 0 0 |a British heritage travel  |h [electronic resource]. 
246 1 0 |a British heritage 
260 |a New York, NY :  |b Kliger Heritage Group [2016]- 
310 |a Bimonthly 
362 1 |a Began with: Vol. 37, No. 1 (Jan/Feb 2016). 
506 |a License restrictions may limit access. 
515 |a New title first appears on Vol. 37, no. 1 (Jan/Feb 2016), but the publication states on page 4 of Vol. 37, no. 2 (Mar/Apr 2016) "with this issue, we officially become British heritage travel." 
588 |a Description based on print version record. 
588 |a Latest issue consulted: Vol. 37, no. 5 (September/October 2016) (ProQuest, viewed Oct. 13, 2016). 
650 7 |a Travel.  |2 fast  |0 (OCoLC)fst01155558 
651 0 |a Great Britain  |x Description and travel  |v Periodicals. 
651 0 |a Great Britain  |x History  |v Periodicals. 
651 7 |a Great Britain.  |2 fast  |0 (OCoLC)fst01204623 
655 0 |a Electronic journals. 
776 0 8 |i Print version:  |t British heritage travel  |w (DLC) 2016233033  |w (OCoLC)944522756 
780 0 0 |t British heritage  |w (DLC) 2016247558  |w (OCoLC)960880935 
856 4 0 |z Full text available from Research Library: 06/01/1998 to present  |u https://search.proquest.com/publication/47902